| 000 | 00515pab a2200169 454500 | ||
|---|---|---|---|
| 008 | 180718b2006 xxu||||| |||| 00| 0 eng d | ||
| 100 | _aFingleton, Bernard | ||
| 245 | _aThe new economic geography versus urban economics: an evaluation using local wage rates in Great Britain | ||
| 260 | _c2006 | ||
| 300 | _ap.501-30. | ||
| 362 | _aJul | ||
| 650 | _aWages - Great Britain | ||
| 650 | _aEconomic geography - Great Britain | ||
| 650 | _aEconomic geography | ||
| 773 | _aOxford Economic Papers | ||
| 909 | _a71523 | ||
| 999 |
_c71523 _d71523 |
||